Corporate Identity (CI) územných subjektov

Salvato in:
Dettagli Bibliografici
Autore principale: Jaššo, Matej (Autore)
Altri autori: Finka, Maroš (Relatore della tesi)
Natura: Libro
Pubblicazione: STU v Bratislave FA, 2003
Soggetti:
Tags: Aggiungi Tag
Nessun Tag, puoi essere il primo ad aggiungerne!!

MARC

LEADER 00000nam a22000003a 4500
001 stu122103
005 20241030102616.9
008 060628s2003----------------------------d
040 |a STU  |b slo 
041 0
100 1 |a Jaššo, Matej  |4 aut  |u A6160  |U FAD Fakulta architektúry  |T FA Ústav urbanizmu a územného plánovania  |X 4205  |U A6160  |Y 397  |7 4205 
245 1 |a Corporate Identity (CI) územných subjektov 
260 |b STU v Bratislave FA,  |c 2003 
300 |a 141 s 
650 7 |a urbanizmus  |2 stusub 
650 7 |a územné plánovanie  |2 stusub 
700 1 |a Finka, Maroš  |4 ths  |u A440  |U FAD Fakulta architektúry  |T FAD Ústav Urbanizmu  |X 434  |U A440  |Y 138  |7 A000000434 
996 |b 284AB00299  |c A*128 V  |l AAKNST  |s P  |a 0  |w stu122103_0001